Quizzes
Events
Quiz Creation
Community
Videos
Private Events
Remove Ads
Sign In
Join for FREE
Feedback
Dark Mode
Quiz Categories
Sports
Geography
Music
Movies
Television
Just For Fun
Miscellaneous
History
Literature
Language
Science
Gaming
Entertainment
Religion
Holiday
For Kids
Quiz Lab
Recent
Popular Today
Quiz Kudos Today
Editor Picks
Curator Picks
Quizzes by...
Day
Popularity
Type
Ratings
Length
Year
Community
Subscriptions
Recent Discussions
Orange Saloon
Badges
Playlists
Quests
Create
Leaderboards
Showdown
Live 5
Trivia Bingo
Activity
Puzzle Library
Sporcle Events
Private Events
Virtual Trivia
Globe League
Become a Host
Pub Owners
SporcleCon
Opinionation
Our Games
Videos
Blog
Mobile Apps
Partnerships
Remove Ads and Go Orange
Feedback
Sports
Athletes
MLB
NBA
NHL
NFL
Soccer
Sports Teams
WWE
NCAA
Football
Premier League
Basketball
Baseball
Hockey
Golf
Tennis
Cricket
Rugby
Auto Racing
Olympics
World Cup
Sports
Athletes
MLB
NBA
NHL
NFL
Soccer
Sports Teams
WWE
NCAA
Football
Premier League
Basketball
Baseball
Hockey
Golf
Tennis
Cricket
Rugby
Auto Racing
Olympics
World Cup
Random Quiz
Search Sporcle
×
Quiz Lab
Quiz Lab
Sports
FC Barcelona
Type in answers that appear in a list
Type in answers that appear in a list
Classic
Best Score? Go Orange.
The 'La Masia' Players Who Climbed To The 1st Team Stats
Can you name the 'La Masia' players who climbed to the first team of FC Barcelona
By
FCBerlinsky
7m
25 Questions
492 Plays
492 Plays
492 Plays
Comments
Comments
Give Quiz Kudos
Give Quiz Kudos
-
- Ratings
hide this ad
Replay
Link that replays current quiz
Next Quiz
Link to next quiz in quiz playlist
You Got
0%
They Got
Avg Score
68%
Avg Friend Score
Upgrade to see
Score Distribution
Jump to the score distribution portion of the page
Score
0/25
Timer
07:00
0
Plays Today
Hint
Answer
% Correct
2000/
2001
XAVIer Hernández i Creus
97.4%
2003/
2004
Andrés INIESTA Luján
96.3%
2005/
2006
Lionel Andrés MESSI
94.7%
2003/
2004
Víctor VALDES i Arribas
93.9%
2008/
2009
Sergio BUSQUETS Burgos
93.3%
2000/
2001
Carles PUYOL i Saforcada
90.4%
2009/
2010
PEDRO Eliezer Rodríguez Ledesma
84.9%
2007/
2008
BOJAN Krkić Pérez
80.7%
2013/
2014
SERGI ROBERTO Carnicer
80.4%
2011/
2012
THIAGO Alcântara do Nascimento
78.6%
2014/
2015
RAFINHA Alcântara do Nascimento
77.4%
2012/
2013
Marc BARTRA Aregall
76.4%
2012/
2013
Cristian TELLO Herrera
73.1%
Hint
Answer
% Correct
2015/
2016
MUNIR El Haddadi
69.8%
2012/
2013
Martín MONTOYA Torralbo
69.2%
2011/
2012
Joan Isaac CUENCA López
64.2%
2014/
2015
Jordi MASIP López
63%
2015/
2016
SANDRO Ramírez
57.9%
2007/
2008
Giovani DOS SANTOS Ramírez
57.4%
2012/
2013
Jonathan DOS SANTOS Ramírez
57%
2009/
2010
JEFFREN Isaac Suárez Bermúdez
48.3%
2011/
2012
Andreu FONTAS i Prat
45.8%
2013/
2014
OIER Olazábal Paredes
44.6%
2003/
2004
OLEGUER Presas i Renom
44%
2000/
2001
José Manuel REINA Páez
43.2%
Quiz Playlist
Details
Report
Send in Message
Add To Playlist
Classic:
Type in answers that appear in a list
Last Updated: Feb 16, 2017
Quiz Scoreboard
CHALLENGE
Sign Up to Join the Scoreboard
Show All
Scores
Hide
Comments
May contain spoilers
Recently Published
Movies - When Are They Set?
by FPL_Elf
Movies
5m
Popular People in 1961
by mucciniale
History
6m
1-10 Letter E Words III
by El_Dandy
Language
2m
More to Explore
Quiz From the Vault
Featured Blog Post
Where Did the Easter Bunny Come From?
hide this ad
You Might Also Like...
Tags
FC Barcelona
Today's Top Quizzes in Sports
Browse Sports
hide this ad
Today's Top Quizzes in FC Barcelona
Browse FC Barcelona
Top Contributed Quizzes in Sports
1
Les meilleurs buteurs des matchs entre le PSG et l’OM
2
Les entraîneurs de l'OM et du PSG au 21e siècle
3
FIFA Club World Cup Champions
4
2022 World Cup Stars
5
Name the Premier League winners with different clubs
6
La finale Lions - Afrique du Sud 2021
7
Criteria MLB: Left Handed Sluggers
8
Players with Multiple 50 Home Run Seasons
9
MLB Players with Two .350 Batting Average Seasons
10
MLB Hall of Famer by Rings
Explore More
Trending Topics
Disney
Marvel
Anime
Harry Potter
Kpop
Crossword
NBA
Soccer
WWE
Puzzle
Song
The Office
Country
Pokémon
NFL
hide this ad
More By:
FCBerlinsky
Quiz
Plays
Rating
Category
Featured
Created
FC Barcelona Squad 2005/06 - 2016/17
4,375
4.67
Sports
Sep 27, 2013
Lionel Messi All Goals For FC Barcelona
3,246
4.33
Sports
Jul 5, 2013
El Classico XIs 2008/2009 - 2016/2017
3,139
5.00
Sports
Jul 3, 2013
FC Barcelona XIs: El Classico (2009-2013)
1,236
5.00
Sports
Dec 4, 2013
FC Barcelona XIs: El Classico (2014-2018)
1,013
Sports
Mar 24, 2014
Go to Creator's Profile
Score Distribution
Quiz Creator Spotlight
FCBerlinsky
Follow
Send a Message
Quizzes Created
-
Created Quiz Play Count
-
More By This Creator
Popular Quizzes Today
1
Find the US States - No Outlines Minefield
2
Find the Countries of Europe - No Outlines Minefield
3
The Countries of the World
4
Popular People in 1961
5
1-10 Letter E Words III
6
US States
7
Find the US States
8
One Thing in Common: World Cities II
More Sports Quizzes
NBA Player Resume by Logo
Editor's Pick
Trending Quizzes
Risky Map Clicking: Least Populous States A-Z
1-10 Letter F Words
1-10 Letter G Words
One Thing in Common: United Kingdom
Risky Map Clicking: Next State Alphabetically
Recently Updated
Leaping Animals
pecheneg
Reality TV Shows (A-Z)
bhenderson79
Rickey Henderson's Hall of Fame Teammates
pecheneg
Champions League XIs: Arsenal
pecheneg
Quick Pick: Celebrities in WWE's Hall of Fame
aduchscher
A-Z Keypad Blitz II
pecheneg
Multiple Oscar Actors
pecheneg
Mystery Phrase Blitz: Oscar 'Best Actors'
pecheneg
F. Scott Fitzgerald Novels
LTH
Pick 3 Villains
ddd62291
Trending Topics
Marvel
Kpop
NBA
Harry Potter
Disney
Anime
Crossword
Pokémon
NFL
Soccer
The Office
Puzzle
Country
Song
WWE
Your Account Isn't Verified!
In order to create a playlist on Sporcle, you need to verify the email address you used during registration. Go to your
Sporcle Settings
to finish the process.
Report this User
Report this user for behavior that violates our
Community Guidelines
.
Details:
Send Report
Go to the Sporcle.com Mobile Site →
Comments